|
|
|
|
| LEADER |
01164nam a2200241 a 4500 |
| 001 |
13655269 |
| 008 |
090803s2004 nyu b 000 1 eng d |
| 010 |
|
|
|a 2004052563
|
| 020 |
|
|
|a 0451529553 (pbk.)
|
| 040 |
|
|
|a DLC
|c DLC
|d DLC
|
| 082 |
0 |
0 |
|a 891.73/3
|2 22
|
| 100 |
1 |
|
|a Dostoyevsky, Fyodor,
|d 1821-1881.
|
| 240 |
1 |
0 |
|a Short stories.
|l English.
|k Selections
|
| 245 |
1 |
0 |
|a Notes from underground, White nights, The dream of a ridiculous man, and selections from The house of the dead /
|c Fyodor Dostoyevsky ; translated and with an afterword by Andrew R. MacAndrew ; with a new introduction by Ben Marcus.
|
| 260 |
|
|
|a New York :
|b Signet Classics,
|c 2004.
|
| 300 |
|
|
|a xv, 237 p. ;
|c 18 cm.
|
| 504 |
|
|
|a Includes bibliographical references (p. 235-237).
|
| 541 |
1 |
|
|e 00014525
|
| 600 |
1 |
0 |
|a Dostoyevsky, Fyodor,
|d 1821-1881
|v Translations into English.
|
| 700 |
1 |
|
|a MacAndrew, Andrew Robert,
|d 1911-
|
| 852 |
4 |
|
|a Ayesha Abed Library
|j General Shelf.
|
| 999 |
|
|
|c 3209
|d 3209
|
| 952 |
|
|
|0 0
|1 0
|2 ddc
|4 0
|6 891_730000000000000_3_DOS_2004
|7 0
|9 2907
|a BRACUL
|b BRACUL
|c GEN
|d 2009-08-30
|g 450.00
|l 15
|m 117
|o 891.733 DOS
|p 3010014525
|q 2026-05-17
|r 2025-09-22
|s 2025-09-22
|t 1
|v 900.00
|w 2009-08-30
|y BK
|